| 000 | 00479nam a2200217Ia 4500 | ||
|---|---|---|---|
| 003 | IT-RoPAU | ||
| 008 | 120407s9999 xx 000 0 und d | ||
| 040 | _aIT-RoPAU | ||
| 040 | _cIT-RoPAU | ||
| 041 | _aita | ||
| 100 | _aTeodoro Tusino | ||
| 245 | _aNon disse mai no. P. Annibale Maria di Francia. | ||
| 250 | _aModena | ||
| 260 | _aEdizioni Paoline | ||
| 260 | _c1966 | ||
| 300 | _c cm | ||
| 490 | _aBiografie cont. | ||
| 490 | _v1 | ||
| 942 | _cBK | ||
| 999 |
_c13952 _d13952 |
||